[Event "CAN-ch U20"]
[Site "Toronto CAN"]
[Date "2010.05.03"]
[Round "6"]
[White "Sapozhnikov, Roman"]
[Black "Calugar, Arthur"]
[Result "1-0"]
[WhiteElo "2477"]
[BlackElo "2370"]
[PlyCount "133"]
[EventDate "2010.04.30"]
[EventType "swiss"]
[EventRounds "9"]
[EventCountry "CAN"]

1. e4 c5 2. Nf3 e6 3. d4 cxd4 4. Nxd4 Nc6 5. Nc3 Qc7 6. Be3 a6 7. Qd2 Nf6 8.
O-O-O Bb4 9. f3 Ne5 10. Nb3 b5 11. Qe1 Be7 12. f4 Nc4 13. e5 Ng4 14. Bd4 Bb7
15. Bxc4 bxc4 16. Nd2 O-O 17. Qe2 f5 18. exf6 Nxf6 19. Be5 Qc6 20. Nxc4 Qxg2
21. Qxg2 Bxg2 22. Rhg1 Bc6 23. Na5 Bc5 24. Rg3 Nh5 25. Rg5 g6 26. Nxc6 dxc6 27.
Rd3 Rad8 28. Kd2 Be7 29. Rg4 Nf6 30. Rgg3 Nd5 31. Rgf3 Rf5 32. Ne2 c5 33. c4
Nb4 34. Rxd8+ Bxd8 35. Ng3 Rf7 36. Ne4 Rd7+ 37. Ke2 Be7 38. a3 Nc6 39. Rd3 Rxd3
40. Kxd3 Nxe5+ 41. fxe5 g5 42. Kc3 Kf7 43. b4 cxb4+ 44. axb4 Kg6 45. c5 Kf5 46.
Kd4 Bd8 47. Nd6+ Kf4 48. Ne8 h5 49. Ng7 g4 50. Nxe6+ Kf3 51. Nxd8 h4 52. e6 g3
53. hxg3 hxg3 54. e7 g2 55. e8=Q g1=Q+ 56. Kd5 Qd1+ 57. Ke6 Qe1+ 58. Kf7 Qxb4
59. Qe5 a5 60. c6 a4 61. c7 Qc4+ 62. Ne6 a3 63. Qh5+ Kg2 64. Qg5+ Kf3 65. Qf5+
Ke2 66. c8=Q Qxc8 67. Nf4+ 1-0

[Event "CAN-ch U20"]
[Site "Toronto CAN"]
[Date "2010.05.03"]
[Round "6"]
[White "Thavandiran, Shiyam"]
[Black "Cheng, Bindi"]
[Result "1/2-1/2"]
[WhiteElo "2455"]
[BlackElo "2422"]
[PlyCount "43"]
[EventDate "2010.04.30"]
[EventType "swiss"]
[EventRounds "9"]
[EventCountry "CAN"]

1. e4 d5 2. exd5 Nf6 3. Bb5+ Bd7 4. Be2 Nxd5 5. d4 Nf6 6. c4 Bf5 7. Nc3 e6 8.
a3 c6 9. h3 h6 10. Nf3 Bd6 11. O-O O-O 12. Be3 Nbd7 13. b4 Qc7 14. Qd2 a6 15.
Rac1 Qb8 16. Rfd1 Rd8 17. d5 cxd5 18. cxd5 e5 19. Bd3 e4 20. Nd4 Bh7 21. Bc4
Ne5 22. Bb3 1/2-1/2

[Event "CAN-ch U20"]
[Site "Toronto CAN"]
[Date "2010.05.03"]
[Round "7"]
[White "Calugar, Arthur"]
[Black "Farine, Jonathan"]
[Result "1-0"]
[WhiteElo "2370"]
[BlackElo "1813"]
[PlyCount "91"]
[EventDate "2010.04.30"]
[EventType "swiss"]
[EventRounds "9"]
[EventCountry "CAN"]

1. Nf3 Nf6 2. b3 e6 3. Bb2 b6 4. e3 Bb7 5. d4 Be7 6. Bd3 d6 7. O-O Nbd7 8. Nbd2
O-O 9. c4 c5 10. Qe2 cxd4 11. Nxd4 Nc5 12. Bc2 d5 13. Rad1 dxc4 14. Nxc4 Qd5
15. f3 Qg5 16. e4 Nh5 17. Kh1 Qh4 18. Qe1 Qxe1 19. Rfxe1 Rfd8 20. Nb5 Nf6 21.
b4 Na6 22. a3 Rdc8 23. Bb3 Ne8 24. f4 Nac7 25. Nd4 Nf6 26. Nd2 Rd8 27. f5 exf5
28. Nxf5 Kf8 29. e5 Nfd5 30. Ne4 Nf4 31. Bc2 Nfe6 32. Ned6 Bxd6 33. Nxd6 Bc6
34. Rf1 Be8 35. Bc1 h6 36. Rf2 Nb5 37. a4 Nxd6 38. exd6 Rac8 39. Bb3 Kg8 40.
Rfd2 Bd7 41. Bb2 a5 42. b5 Nc5 43. Bc2 Bg4 44. Re1 Be6 45. Re3 Nd7 46. Rg3 1-0

[Event "CAN-ch U20"]
[Site "Toronto CAN"]
[Date "2010.05.03"]
[Round "7"]
[White "Gusev, Nikita"]
[Black "Cheng, Bindi"]
[Result "1-0"]
[WhiteElo "2256"]
[BlackElo "2422"]
[PlyCount "47"]
[EventDate "2010.04.30"]
[EventType "swiss"]
[EventRounds "9"]
[EventCountry "CAN"]

1. e4 c5 2. Nf3 e6 3. d4 cxd4 4. Nxd4 Nf6 5. Nc3 d6 6. Be2 a6 7. O-O Be7 8. f4
Nc6 9. Be3 O-O 10. Kh1 Qc7 11. a4 Bd7 12. Qe1 Nxd4 13. Bxd4 Bc6 14. Qg3 g6 15.
Bd3 Qd7 16. Rad1 Nh5 17. Qh3 Nxf4 18. Rxf4 e5 19. Nd5 Rae8 20. Nxe7+ Rxe7 21.
Qh6 exd4 22. Rh4 f5 23. Bc4+ d5 24. exd5 1-0

[Event "CAN-ch U20"]
[Site "Toronto CAN"]
[Date "2010.05.03"]
[Round "7"]
[White "Itkin, David"]
[Black "Mahoney, Ian"]
[Result "1-0"]
[WhiteElo "1922"]
[BlackElo "1639"]
[PlyCount "45"]
[EventDate "2010.04.30"]
[EventType "swiss"]
[EventRounds "9"]
[EventCountry "CAN"]

1. e4 e5 2. d4 exd4 3. Qxd4 Nc6 4. Qe3 Nf6 5. Nc3 Bb4 6. Bd2 O-O 7. O-O-O Re8
8. Bc4 d6 9. Nh3 Ne5 10. Bb3 a5 11. Ng5 Bxc3 12. Bxc3 a4 13. Bd5 Nxd5 14. Rxd5
f6 15. Nf3 Be6 16. Rb5 Bc4 17. Rxb7 Ba6 18. Ra7 Rxa7 19. Qxa7 Bb5 20. Nxe5 fxe5
21. Kb1 Re7 22. Rd1 Rf7 23. Bxe5 1-0

[Event "CAN-ch U20"]
[Site "Toronto CAN"]
[Date "2010.05.03"]
[Round "7"]
[White "Martchenko, Alexander"]
[Black "Gelis, Paul"]
[Result "1/2-1/2"]
[WhiteElo "2344"]
[BlackElo "2186"]
[PlyCount "60"]
[EventDate "2010.04.30"]
[EventType "swiss"]
[EventRounds "9"]
[EventCountry "CAN"]

1. e4 c6 2. d4 d5 3. Nc3 dxe4 4. Nxe4 Nd7 5. Nf3 Ngf6 6. Ng3 e6 7. Bd3 Bd6 8.
O-O Qc7 9. b3 b6 10. a4 a5 11. Qe2 O-O 12. Bb2 Bb7 13. Ne5 c5 14. Nxd7 Qxd7 15.
dxc5 Qc6 16. f3 Qxc5+ 17. Kh1 Qg5 18. Bxf6 Qxf6 19. Ne4 Bxe4 20. Qxe4 g6 21. f4
Rad8 22. Rae1 Bb4 23. Re2 Rd4 24. Qf3 Rfd8 25. g3 Bc5 26. Rg2 h5 27. Re2 R4d5
28. Kg2 Kg7 29. Rfe1 Bb4 30. Rf1 Bc5 1/2-1/2

[Event "CAN-ch U20"]
[Site "Toronto CAN"]
[Date "2010.05.03"]
[Round "7"]
[White "Thavandiran, Shiyam"]
[Black "Sapozhnikov, Roman"]
[Result "1-0"]
[WhiteElo "2455"]
[BlackElo "2477"]
[PlyCount "81"]
[EventDate "2010.04.30"]
[EventType "swiss"]
[EventRounds "9"]
[EventCountry "CAN"]

1. e4 c5 2. Nf3 d6 3. c3 Nf6 4. h3 Nbd7 5. Bd3 g6 6. Bc2 Bh6 7. d4 Bxc1 8. Qxc1
e5 9. O-O O-O 10. Qe3 Qe7 11. Nbd2 b6 12. a4 a6 13. dxe5 dxe5 14. Nc4 a5 15.
Rfd1 Ba6 16. Nd6 c4 17. Qg5 Rfd8 18. Rd2 Nc5 19. Qxe5 Qxe5 20. Nxe5 Ne8 21.
Ndxc4 Rxd2 22. Nxd2 Rd8 23. Nef3 Nd3 24. Nd4 Nb4 25. Bb3 Nc7 26. Nc4 Nd3 27.
Nc6 Nc5 28. Bc2 Rd7 29. Nxb6 Rd2 30. Nd4 Nd3 31. Bxd3 Bxd3 32. b3 Bxe4 33. Re1
Bd5 34. Re7 Ne6 35. Nxd5 Nxd4 36. cxd4 Rxd4 37. Ne3 Rb4 38. Re5 Rxb3 39. Rxa5
Kf8 40. Ra7 h5 41. h4 1-0

[Event "CAN-ch U20"]
[Site "Toronto CAN"]
[Date "2010.05.03"]
[Round "7"]
[White "Wang, Jesse BJ"]
[Black "Kleinman, Michael"]
[Result "1/2-1/2"]
[WhiteElo "2110"]
[BlackElo "2223"]
[PlyCount "39"]
[EventDate "2010.04.30"]
[EventType "swiss"]
[EventRounds "9"]
[EventCountry "CAN"]

1. d4 Nf6 2. Nf3 g6 3. g3 Bg7 4. Bg2 O-O 5. O-O d6 6. c4 Nc6 7. Nc3 Bg4 8. h3
Bxf3 9. Bxf3 Nd7 10. e3 e5 11. Ne2 Qf6 12. Bg4 Rfd8 13. d5 Ne7 14. Nc3 Nc8 15.
e4 Ncb6 16. b3 a5 17. h4 Qe7 18. Be3 Rf8 19. Qc2 Nc5 20. Bh3 1/2-1/2

[Event "CAN-ch U20"]
[Site "Toronto CAN"]
[Date "2010.05.04"]
[Round "8"]
[White "Gelis, Paul"]
[Black "Thavandiran, Shiyam"]
[Result "1/2-1/2"]
[WhiteElo "2186"]
[BlackElo "2455"]
[PlyCount "68"]
[EventDate "2010.04.30"]
[EventType "swiss"]
[EventRounds "9"]
[EventCountry "CAN"]

1. d4 Nf6 2. Nf3 e6 3. c4 b6 4. e3 Bb7 5. Bd3 c5 6. Nc3 a6 7. O-O Be7 8. b3 O-O
9. d5 d6 10. e4 e5 11. a4 Nbd7 12. Ne1 g6 13. Bh6 Re8 14. Be2 Kh8 15. Nd3 Ng8
16. Bd2 Bf6 17. a5 bxa5 18. Nb1 Bg7 19. Bxa5 Qe7 20. Nd2 f5 21. b4 cxb4 22.
Bxb4 Ngf6 23. f3 Bh6 24. Nf2 Be3 25. Qb3 f4 26. Qa3 Nc5 27. Nb3 Nh5 28. Bxc5
dxc5 29. Ra2 Rac8 30. Rd1 Red8 31. Qa5 Rb8 32. Qc3 Kg8 33. Na1 Bd4 34. Qe1 Nf6
1/2-1/2

[Event "CAN-ch U20"]
[Site "Toronto CAN"]
[Date "2010.05.04"]
[Round "8"]
[White "Gusev, Nikita"]
[Black "Calugar, Arthur"]
[Result "0-1"]
[WhiteElo "2256"]
[BlackElo "2370"]
[PlyCount "122"]
[EventDate "2010.04.30"]
[EventType "swiss"]
[EventRounds "9"]
[EventCountry "CAN"]

1. e4 c5 2. Nf3 d6 3. d4 cxd4 4. Nxd4 Nf6 5. Nc3 Nc6 6. Bg5 e6 7. Qd2 a6 8. Be2
Be7 9. O-O Bd7 10. a4 Rc8 11. Nxc6 Bxc6 12. Bd3 h6 13. Be3 d5 14. e5 d4 15.
exf6 Bxf6 16. Ne4 dxe3 17. Nxf6+ Qxf6 18. Qxe3 Qxb2 19. f4 Qf6 20. f5 O-O 21.
fxe6 Qxe6 22. Qxe6 fxe6 23. Rxf8+ Rxf8 24. a5 Rf4 25. Be2 Kf7 26. Bf3 Bxf3 27.
gxf3 Rb4 28. Kf2 Rb2 29. Ke3 Rxc2 30. Rb1 Rc7 31. Rb6 Rd7 32. Ke4 Kf6 33. f4 g6
34. h4 h5 35. Rb1 Rc7 36. Rb6 Rc4+ 37. Ke3 Ra4 38. Rxb7 Rxa5 39. Ke4 Ra4+ 40.
Kf3 Ra3+ 41. Kg2 a5 42. Rb5 a4 43. Ra5 Ra1 44. Kh2 a3 45. Kg2 a2 46. Kh2 Rf1
47. Rxa2 Rxf4 48. Kg3 Rg4+ 49. Kh3 e5 50. Ra8 e4 51. Re8 Kf5 52. Rf8+ Ke5 53.
Re8+ Kf4 54. Rf8+ Ke3 55. Re8 Ke2 56. Re7 e3 57. Re8 Kf2 58. Rf8+ Ke1 59. Re8
e2 60. Re7 Kf2 61. Rf7+ Ke3 0-1

[Event "CAN-ch U20"]
[Site "Toronto CAN"]
[Date "2010.05.04"]
[Round "8"]
[White "Kleinman, Michael"]
[Black "Itkin, David"]
[Result "1-0"]
[WhiteElo "2223"]
[BlackElo "1922"]
[PlyCount "29"]
[EventDate "2010.04.30"]
[EventType "swiss"]
[EventRounds "9"]
[EventCountry "CAN"]

1. d4 Nf6 2. Nf3 g6 3. Nc3 Bg7 4. e4 d6 5. Be2 O-O 6. Bf4 a6 7. a4 b6 8. e5 Nh5
9. Be3 Nd7 10. g4 Bb7 11. gxh5 dxe5 12. Rg1 exd4 13. Nxd4 e5 14. Nf5 gxf5 15.
Bh6 1-0

[Event "CAN-ch U20"]
[Site "Toronto CAN"]
[Date "2010.05.04"]
[Round "8"]
[White "Mahoney, Ian"]
[Black "Wang, Jesse BJ"]
[Result "1-0"]
[WhiteElo "1639"]
[BlackElo "2110"]
[PlyCount "39"]
[EventDate "2010.04.30"]
[EventType "swiss"]
[EventRounds "9"]
[EventCountry "CAN"]

1. e4 c5 2. Nf3 d6 3. c3 Nf6 4. Bd3 Nc6 5. h3 g6 6. Bc2 Bg7 7. O-O O-O 8. d4
cxd4 9. cxd4 e5 10. Nc3 Nd7 11. Be3 f5 12. exf5 gxf5 13. dxe5 f4 14. Qd3 Ncxe5
15. Qxh7+ Kf7 16. Qh5+ Ke7 17. Nd5+ Ke6 18. Ng5+ Qxg5 19. Qxg5 fxe3 20. Nc7+
1-0

[Event "CAN-ch U20"]
[Site "Toronto CAN"]
[Date "2010.05.04"]
[Round "9"]
[White "Itkin, David"]
[Black "Gelis, Paul"]
[Result "1-0"]
[WhiteElo "1922"]
[BlackElo "2186"]
[PlyCount "77"]
[EventDate "2010.04.30"]
[EventType "swiss"]
[EventRounds "9"]
[EventCountry "CAN"]

1. e4 c6 2. d4 d5 3. Nd2 dxe4 4. Nxe4 Nd7 5. Nf3 Ngf6 6. Nxf6+ Nxf6 7. Ne5 Bf5
8. c3 h6 9. Qb3 Qb6 10. Qxf7+ Kd8 11. Qc4 Kc8 12. Bd3 Bd7 13. O-O e6 14. b4 Qc7
15. Bf4 Bd6 16. h3 g5 17. Nf7 gxf4 18. Nxh8 f3 19. g4 b5 20. Qb3 Bh2+ 21. Kh1
Nxg4 22. Ng6 Bg1 23. Ne5 Nxe5 24. dxe5 Bh2 25. Qd1 Qxe5 26. Qxf3 Kc7 27. Rfe1
Qd6 28. Rad1 Rf8 29. Qg2 Bf4 30. Bxb5 Qe7 31. Bc4 e5 32. b5 cxb5 33. Bd5 Qh4
34. Rd3 Bf5 35. Qg7+ Bd7 36. Be6 Qxf2 37. Qxd7+ Kb6 38. Rd6+ Ka5 39. Qc7+ 1-0

[Event "CAN-ch U20"]
[Site "Toronto CAN"]
[Date "2010.05.04"]
[Round "9"]
[White "Mahoney, Ian"]
[Black "Xu, Haizhou"]
[Result "0-1"]
[WhiteElo "1639"]
[BlackElo "2037"]
[PlyCount "54"]
[EventDate "2010.04.30"]
[EventType "swiss"]
[EventRounds "9"]
[EventCountry "CAN"]

1. e4 c5 2. Nf3 d6 3. c3 Nf6 4. h3 g6 5. d4 cxd4 6. Qxd4 Nc6 7. Qd3 Bg7 8. Be2
O-O 9. O-O a6 10. c4 Nd7 11. Nc3 Nc5 12. Qc2 Bxc3 13. bxc3 f6 14. Nd4 Qc7 15.
Bh6 Rf7 16. f4 Bd7 17. f5 Ne5 18. Nf3 Ba4 19. Qb1 Nxf3+ 20. Rxf3 Bc6 21. fxg6
hxg6 22. e5 Be4 23. exd6 Qxd6 24. Qe1 Bxf3 25. Bxf3 g5 26. Rd1 Qb6 27. h4 Nd3+
0-1

[Event "CAN-ch U20"]
[Site "Toronto CAN"]
[Date "2010.05.04"]
[Round "9"]
[White "Martchenko, Alexander"]
[Black "Gusev, Nikita"]
[Result "1-0"]
[WhiteElo "2344"]
[BlackElo "2256"]
[PlyCount "63"]
[EventDate "2010.04.30"]
[EventType "swiss"]
[EventRounds "9"]
[EventCountry "CAN"]

1. e4 c5 2. Nf3 e6 3. c3 Nf6 4. d3 d5 5. e5 Nfd7 6. d4 Nc6 7. a3 c4 8. h4 Be7
9. h5 f6 10. h6 g6 11. exf6 Bxf6 12. g3 O-O 13. Bg2 Na5 14. Bf4 Re8 15. O-O Qe7
16. Nbd2 b6 17. Re1 Nc6 18. Re3 g5 19. Nxg5 Bxg5 20. Qg4 Nf6 21. Qxg5+ Kh8 22.
Qh4 Ne4 23. Qxe7 Rxe7 24. Nxe4 dxe4 25. Bxe4 Bb7 26. Rae1 Rae8 27. d5 Nd8 28.
dxe6 Bxe4 29. Rxe4 Rxe6 30. Rxe6 Rxe6 31. Rd1 Nc6 32. Rd7 1-0

[Event "CAN-ch U20"]
[Site "Toronto CAN"]
[Date "2010.05.04"]
[Round "9"]
[White "Sapozhnikov, Roman"]
[Black "Farine, Jonathan"]
[Result "1-0"]
[WhiteElo "2477"]
[BlackElo "1813"]
[PlyCount "45"]
[EventDate "2010.04.30"]
[EventType "swiss"]
[EventRounds "9"]
[EventCountry "CAN"]

1. e4 e5 2. Nf3 Nc6 3. Bb5 Bc5 4. O-O Nf6 5. c3 O-O 6. d4 Bb6 7. dxe5 Nxe4 8.
Qd5 Nc5 9. b4 Ne6 10. Na3 Ne7 11. Qe4 d5 12. exd6 Qxd6 13. Nc4 Qd5 14. Qxd5
Nxd5 15. Nxb6 axb6 16. Bd2 Ra3 17. Rac1 Nf6 18. Bc4 Ne4 19. Rfd1 Bd7 20. Re1
Nd6 21. Bb3 Re8 22. c4 Ba4 23. c5 1-0

[Event "CAN-op"]
[Site "Toronto CAN"]
[Date "2010.07.10"]
[Round "1"]
[White "Armstrong, Robert J"]
[Black "Shafkat, Ali"]
[Result "1-0"]
[WhiteElo "1800"]
[BlackElo "1688"]
[PlyCount "57"]
[EventDate "2010.07.10"]
[EventType "swiss"]
[EventRounds "9"]
[EventCountry "CAN"]

1. d4 d5 2. c4 e6 3. Nf3 Nf6 4. e3 Be7 5. Bd3 O-O 6. O-O b6 7. Nc3 Bb7 8. b3
Nbd7 9. cxd5 exd5 10. Bb2 c5 11. Rc1 Rc8 12. dxc5 Nxc5 13. Bb1 Nce4 14. Nd4 Bb4
15. Nxe4 dxe4 16. Qe2 Rxc1 17. Rxc1 Bc5 18. Nf5 Qd5 19. Ng3 Qg5 20. Bxf6 Qxf6
21. Nh5 Qg5 22. Ng3 f5 23. Rd1 Bc6 24. Qc4+ Kh8 25. b4 f4 26. Nxe4 Bxe4 27.
Qxe4 Qh5 28. Rd7 Rf7 29. Qe8+ 1-0

[Event "CAN-op"]
[Site "Toronto CAN"]
[Date "2010.07.10"]
[Round "1"]
[White "Ashton, Adam"]
[Black "Holliman, Robert"]
[Result "1-0"]
[WhiteElo "2316"]
[BlackElo "2165"]
[PlyCount "51"]
[EventDate "2010.07.10"]
[EventType "swiss"]
[EventRounds "9"]
[EventCountry "CAN"]

1. e4 e6 2. d4 d5 3. Nc3 Bb4 4. e5 c5 5. a3 Bxc3+ 6. bxc3 Qc7 7. Qg4 f5 8. Qg3
Ne7 9. Qxg7 Rg8 10. Qxh7 cxd4 11. Ne2 Qxe5 12. cxd4 Qf6 13. Qh5+ Ng6 14. Bg5
Qf7 15. g3 Nc6 16. Bg2 Bd7 17. O-O Na5 18. Rfe1 Rc8 19. h4 Rxc2 20. Qf3 Bc6 21.
Nf4 Nxf4 22. Qxf4 Nc4 23. Bh3 Kd7 24. Rxe6 Rxg5 25. hxg5 Kxe6 26. Re1+ 1-0

[Event "CAN-op"]
[Site "Toronto CAN"]
[Date "2010.07.10"]
[Round "1"]
[White "Barrios, Felix"]
[Black "Hambleton, Aman"]
[Result "0-1"]
[WhiteElo "2162"]
[BlackElo "2315"]
[PlyCount "86"]
[EventDate "2010.07.10"]
[EventType "swiss"]
[EventRounds "9"]
[EventCountry "CAN"]

1. d4 Nf6 2. c4 c5 3. d5 b5 4. cxb5 a6 5. bxa6 g6 6. g3 Bg7 7. Bg2 d6 8. Nh3
Bxa6 9. Bd2 Nbd7 10. Bc3 Nb6 11. Nf4 g5 12. Nh3 h6 13. b3 Qd7 14. f4 Rc8 15.
Nf2 Rg8 16. a4 Qb7 17. Bf3 Nbxd5 18. fxg5 hxg5 19. b4 Bc4 20. b5 Qa7 21. Qc1
Nxc3 22. Nxc3 Qa5 23. O-O Nd7 24. Ra3 Ne5 25. Bg2 Be6 26. Nd5 Bxd5 27. Bxd5 e6
28. Ne4 Qd8 29. Bb7 Rc7 30. Rd1 d5 31. Ba6 Qb8 32. b6 Qxb6 33. Bb5+ Kf8 34.
Nxg5 c4+ 35. Kg2 Bh6 36. h4 Bxg5 37. hxg5 Ng4 38. Qf4 f5 39. e4 Rh7 40. Rf3
Rgh8 41. Qxg4 Rh2+ 42. Kf1 Rh1+ 43. Ke2 R8h2+ 0-1

[Event "CAN-op"]
[Site "Toronto CAN"]
[Date "2010.07.10"]
[Round "1"]
[White "Betaneli, Aleksandr"]
[Black "Oussedik, Elias"]
[Result "1/2-1/2"]
[WhiteElo "2312"]
[BlackElo "2154"]
[PlyCount "96"]
[EventDate "2010.07.10"]
[EventType "swiss"]
[EventRounds "9"]
[EventCountry "CAN"]

1. e4 e6 2. d4 d5 3. Nd2 Nf6 4. e5 Nfd7 5. Bd3 c5 6. c3 Nc6 7. Ndf3 cxd4 8.
cxd4 f6 9. exf6 Nxf6 10. Nh3 Bb4+ 11. Bd2 Qa5 12. a3 Bxd2+ 13. Qxd2 Qxd2+ 14.
Kxd2 O-O 15. Rae1 Bd7 16. Nhg5 Rae8 17. Ne5 Nxd4 18. Nxd7 Nxd7 19. Bxh7+ Kh8
20. Bg6 Rc8 21. f4 Rxf4 22. Rhf1 Rg4 23. Re3 Rxg2+ 24. Kd3 Rxh2 25. Nf7+ Kg8
26. Nd6 Rc6 27. Bf7+ Kh8 28. Kxd4 Rxd6 29. Rxe6 Rh4+ 30. Kc3 d4+ 31. Kd2 Rxe6
32. Bxe6 Nf6 33. Rc1 Rh2+ 34. Kd3 g6 35. Rc8+ Kg7 36. Rc7+ Kh6 37. Rxb7 g5 38.
b4 g4 39. Bxg4 Nxg4 40. Kxd4 Rc2 41. Rxa7 Kg6 42. b5 Kf6 43. a4 Ke6 44. a5 Kd6
45. Ra6+ Kc7 46. Rg6 Rc4+ 47. Kd5 Ne3+ 48. Ke5 Rc5+ 1/2-1/2

[Event "CAN-op"]
[Site "Toronto CAN"]
[Date "2010.07.10"]
[Round "1"]
[White "Bluvshtein, Ilia"]
[Black "Bekefi, Laszlo"]
[Result "1-0"]
[WhiteElo "2216"]
[BlackElo "2376"]
[PlyCount "80"]
[EventDate "2010.07.10"]
[EventType "swiss"]
[EventRounds "9"]
[EventCountry "CAN"]

1. e4 c6 2. d4 d5 3. Nc3 dxe4 4. Nxe4 Nf6 5. Nxf6+ gxf6 6. Nf3 Bg4 7. Be3 Nd7
8. h3 Bh5 9. Bd3 Qc7 10. Qe2 e6 11. O-O-O Nb6 12. c4 O-O-O 13. Be4 Bg6 14. Bxg6
hxg6 15. Rd2 Bb4 16. Rc2 Be7 17. Rd1 Rd7 18. a3 Rhd8 19. Rcd2 c5 20. dxc5 Rxd2
21. Rxd2 Rxd2 22. Nxd2 Bxc5 23. Bxc5 Qxc5 24. h4 Qd4 25. g3 f5 26. Kb1 Kd8 27.
Ka2 Ke7 28. b3 Nd7 29. b4 Qc3 30. Nb1 Qd4 31. Kb3 Ne5 32. Nc3 Nd3 33. Qf3 Kf6
34. c5 Nxf2 35. Qxb7 Ne4 36. Nb5 Qd1+ 37. Kc4 Qc2+ 38. Kd4 a6 39. Qxa6 Qd2+ 40.
Kc4 Qd5# 1-0

[Event "CAN-op"]
[Site "Toronto CAN"]
[Date "2010.07.10"]
[Round "1"]
[White "Cheng, Bindi"]
[Black "Yee, Lorne"]
[Result "1-0"]
[WhiteElo "2426"]
[BlackElo "2222"]
[PlyCount "83"]
[EventDate "2010.07.10"]
[EventType "swiss"]
[EventRounds "9"]
[EventCountry "CAN"]

1. d4 d5 2. Bg5 c6 3. e3 Qb6 4. Qc1 Bf5 5. Nf3 e6 6. Nbd2 Nd7 7. c4 Be7 8. Bf4
Ngf6 9. c5 Qd8 10. h3 Ne4 11. b4 O-O 12. Nb3 a6 13. Be2 Qc8 14. g4 Bg6 15. h4
h6 16. g5 h5 17. Rg1 Kh7 18. Ne5 Nxe5 19. dxe5 b6 20. f3 bxc5 21. bxc5 Nxc5 22.
Nxc5 Qc7 23. Qc3 Qa7 24. Rc1 Rfb8 25. Rg2 a5 26. Bd3 Rb4 27. a3 Rb6 28. Bxg6+
fxg6 29. Rgc2 Rab8 30. Nxe6 Qd7 31. Nc5 Qh3 32. Kf2 Rf8 33. Qd4 Rf5 34. Bg3 Rb8
35. Nd3 c5 36. Qxd5 Bxg5 37. hxg5 Rxg5 38. Rg1 Rb1 39. Rcc1 Rxc1 40. Nxc1 h4
41. Bf4 Rh5 42. Qf7 1-0

[Event "CAN-op"]
[Site "Toronto CAN"]
[Date "2010.07.10"]
[Round "1"]
[White "Coren, Daniel"]
[Black "McCleary, Reuben"]
[Result "1-0"]
[WhiteElo "1430"]
[BlackElo "1597"]
[PlyCount "47"]
[EventDate "2010.07.10"]
[EventType "swiss"]
[EventRounds "9"]
[EventCountry "CAN"]

1. e4 c5 2. d4 e6 3. Nf3 cxd4 4. c3 Nf6 5. e5 Nd5 6. cxd4 Nc6 7. Nc3 Bb4 8. Bd2
a6 9. Nxd5 exd5 10. Bxb4 Nxb4 11. a3 Nc6 12. Bd3 Qb6 13. Qd2 Nxd4 14. Nxd4 Qxd4
15. O-O b5 16. Rad1 Bb7 17. Qg5 Kf8 18. Bxb5 Qxb2 19. Bxd7 Qxa3 20. Rb1 h6 21.
Qh4 g5 22. Qd4 Bc8 23. e6 Rh7 24. Qxd5 1-0

[Event "CAN-op"]
[Site "Toronto CAN"]
[Date "2010.07.10"]
[Round "1"]
[White "Egorov, Mikhail"]
[Black "Ilic, Stanimir"]
[Result "1-0"]
[WhiteElo "2179"]
[BlackElo "2340"]
[PlyCount "93"]
[EventDate "2010.07.10"]
[EventType "swiss"]
[EventRounds "9"]
[EventCountry "CAN"]

1. e4 c5 2. Nc3 e6 3. f4 d5 4. Nf3 a6 5. d4 cxd4 6. Nxd4 Bb4 7. e5 Nc6 8. Be3
g6 9. Qd2 Bd7 10. a3 Ba5 11. Be2 h5 12. O-O-O Rc8 13. Nb3 Nge7 14. Kb1 Nf5 15.
Nxa5 Qxa5 16. Ne4 Qxd2 17. Nf6+ Kd8 18. Bb6+ Ke7 19. Bc5+ Kd8 20. Bb6+ Ke7 21.
Rxd2 Nb8 22. b4 Bb5 23. Bc5+ Rxc5 24. bxc5 Bxe2 25. Rxe2 Nd7 26. Nxd7 Kxd7 27.
c4 dxc4 28. Rc1 Kc6 29. Rxc4 Ne7 30. Kc2 Nd5 31. Kd3 Rd8 32. Ke4 f5+ 33. exf6
Nxf6+ 34. Kf3 Re8 35. h3 Nd7 36. a4 Kd5 37. Rc1 e5 38. Rd1+ Kc6 39. Rd6+ Kc7
40. Rxg6 Rf8 41. g3 h4 42. Rg4 hxg3 43. Kxg3 Nf6 44. Rxe5 Nxg4 45. hxg4 Rd8 46.
g5 Rd4 47. g6 1-0

[Event "CAN-op"]
[Site "Toronto CAN"]
[Date "2010.07.10"]
[Round "1"]
[White "Filipovich, David"]
[Black "Martchenko, Alexander"]
[Result "0-1"]
[WhiteElo "2218"]
[BlackElo "2382"]
[PlyCount "68"]
[EventDate "2010.07.10"]
[EventType "swiss"]
[EventRounds "9"]
[EventCountry "CAN"]

1. Nf3 Nf6 2. g3 g6 3. Bg2 Bg7 4. O-O O-O 5. c4 d6 6. d4 Nbd7 7. Qc2 c6 8. Rd1
Qc7 9. e4 e5 10. dxe5 dxe5 11. h3 Nc5 12. Nc3 a5 13. Be3 Nfd7 14. Na4 Ne6 15.
c5 Kh8 16. a3 f5 17. Ng5 Nxg5 18. Bxg5 f4 19. Be7 Rf7 20. Bd6 Qd8 21. Nb6 Nxb6
22. cxb6 Qf6 23. Rd3 h5 24. gxf4 exf4 25. e5 Qg5 26. Qb3 Qf5 27. Re1 Be6 28.
Qd1 Qg5 29. Bc7 Bd5 30. f3 Re8 31. Rxd5 cxd5 32. Qxd5 Rfe7 33. Bd8 Qg3 34. Re2
Rxe5 0-1

[Event "CAN-op"]
[Site "Toronto CAN"]
[Date "2010.07.10"]
[Round "1"]
[White "Friedel, Joshua"]
[Black "Wagner, Bernd"]
[Result "1-0"]
[WhiteElo "2586"]
[BlackElo "1993"]
[PlyCount "68"]
[EventDate "2010.07.10"]
[EventType "swiss"]
[EventRounds "9"]
[EventCountry "CAN"]

1. e4 e6 2. d4 d5 3. Nc3 Bb4 4. e5 Ne7 5. a3 Bxc3+ 6. bxc3 c5 7. Nf3 Qa5 8. Bd2
Nbc6 9. Be2 Bd7 10. O-O c4 11. Re1 O-O-O 12. Bf1 f6 13. exf6 gxf6 14. g3 Ng6
15. Bh6 Rhg8 16. Qd2 e5 17. dxe5 fxe5 18. Ng5 e4 19. Bg2 Nce5 20. Qd4 Nc6 21.
Qe3 Nge5 22. Qf4 Qxc3 23. Nxh7 Nd4 24. Kh1 Nxc2 25. Nf6 Nxa1 26. Rc1 Qd4 27.
Nxg8 Rxg8 28. Bg7 Re8 29. h4 Nb3 30. Rf1 Nd2 31. Rd1 c3 32. h5 Bg4 33. Rc1 Bxh5
34. Qf5+ Kc7 1-0

[Event "CAN-op"]
[Site "Toronto CAN"]
[Date "2010.07.10"]
[Round "1"]
[White "Frilles, Ruperto"]
[Black "Dougherty, Michael"]
[Result "1/2-1/2"]
[WhiteElo "2168"]
[BlackElo "2322"]
[PlyCount "47"]
[EventDate "2010.07.10"]
[EventType "swiss"]
[EventRounds "9"]
[EventCountry "CAN"]

1. c4 e6 2. Nc3 d5 3. d4 c6 4. cxd5 exd5 5. Nf3 Bf5 6. g3 Nf6 7. Bg2 h6 8. h3
Nbd7 9. O-O g5 10. Nd2 Bg7 11. Re1 O-O 12. f3 Nb6 13. a4 a5 14. Nf1 Qd7 15. g4
Bg6 16. b3 Rfe8 17. Be3 Re6 18. Bf2 Rae8 19. Rc1 Bf8 20. h4 Bb4 21. hxg5 hxg5
22. Ng3 Qe7 23. Qd2 Re3 24. Rf1 1/2-1/2

[Event "CAN-op"]
[Site "Toronto CAN"]
[Date "2010.07.10"]
[Round "1"]
[White "Gagunashvili, Merab"]
[Black "Campbell, Brett"]
[Result "1-0"]
[WhiteElo "2592"]
[BlackElo "2268"]
[PlyCount "49"]
[EventDate "2010.07.10"]
[EventType "swiss"]
[EventRounds "9"]
[EventCountry "CAN"]

1. d4 Nf6 2. c4 d6 3. Nc3 Nbd7 4. Nf3 e5 5. Bg5 Be7 6. e3 c6 7. Qc2 h6 8. Bh4
Nh5 9. Bxe7 Qxe7 10. O-O-O Nhf6 11. g4 e4 12. Nd2 d5 13. cxd5 cxd5 14. h4 Nb6
15. g5 Ng4 16. Nb3 Bd7 17. Bh3 Rc8 18. Nc5 Rxc5 19. dxc5 Qxc5 20. Rhg1 h5 21.
Nxd5 Qxc2+ 22. Kxc2 Nxf2 23. Bxd7+ Nxd7 24. Rd4 O-O 25. Ne7+ 1-0